[Event "GER-chT U20 Girls"]
[Site "Willingen"]
[Date "2021.06.25"]
[Round "3.1"]
[White "Peglau, Mirjam"]
[Black "Dietz, Kristin"]
[Result "0-1"]
[WhiteElo "1923"]
[BlackElo "1911"]
[PlyCount "122"]
[EventDate "2021.06.23"]
[EventType "team-swiss"]
[EventRounds "7"]
[EventCountry "GER"]
[SourceTitle "CBM 203 Extra"]
[Source "ChessBase"]
[SourceDate "2021.09.30"]
[SourceVersion "1"]
[SourceVersionDate "2021.09.30"]
[SourceQuality "1"]
[WhiteTeam "Seeblick"]
[BlackTeam "Halle USV"]
[WhiteTeamCountry "GER"]
[BlackTeamCountry "GER"]

1. d4 Nf6 2. c4 c5 3. d5 b5 4. cxb5 a6 5. bxa6 g6 6. Nc3 Bg7 7. a7 Rxa7 8. e4 0-0 9. Nf3 Ba6 10. Bxa6 Nxa6 11. 0-0 d6 12. Re1 Qa8 13. Nb5 Rb7 14. a4 Nb4 15. Ra3 Nd7 16. Qb3 Nb8 17. Bd2 N8a6 18. Bc3 f6 19. Nd2 Nd3 20. Re3 Nab4 21. Nc4 Qd8 22. Bd2 Nf4 23. Bxb4 cxb4 24. Qxb4 f5 25. Na5 Rb6 26. Nc6 Qd7 27. Qc4 Kh8 28. a5 Rb7 29. a6 Rb6 30. a7 Ra8 31. g3 Nh3+ 32. Kg2 f4 33. Rf3 g5 34. Rfb3 g4 35. Nbd4 Rxb3 36. Rxb3 f3+ 37. Kf1 Rxa7 38. Rb8+ Bf8 39. Nxa7 Qxa7 40. Rxf8+ Kg7 41. Ne6+ Kg6 42. Rg8+ Kh5 43. Ng7+ Kg6 44. Ne6+ Kh5 45. Ke1 Qxf2+ 46. Kd1 Qxb2 47. Nf4+ Nxf4 48. gxf4 Qxh2 49. Qf1 Qg2 50. Ke1 Qg3+ 51. Kd1 f2 52. Rg5+ Kh4 53. Rg7 Qb3+ 54. Ke2 Qb2+ 55. Ke3 Qxg7 56. Qxf2+ g3 57. Qg1 Qc3+ 58. Ke2 Kg4 59. Qh1 h5 60. e5 Qc2+ 61. Ke3 g2 0-1

[Event "Wroclaw op"]
[Site "Wroclaw"]
[Date "2020.08.08"]
[Round "9"]
[White "Peglau, Mirjam"]
[Black "Peglau, Dora"]
[Result "1-0"]
[WhiteElo "1851"]
[BlackElo "1721"]
[PlyCount "147"]
[EventDate "2020.08.01"]
[EventType "swiss"]
[EventRounds "9"]
[EventCountry "POL"]
[SourceTitle "CBM 197 Extra"]
[Source "ChessBase"]
[SourceDate "2020.09.30"]
[SourceVersion "1"]
[SourceVersionDate "2020.09.30"]
[SourceQuality "1"]

1. e4 e5 2. Nf3 Nf6 3. Nxe5 d6 4. Nf3 Nxe4 5. Bd3 Nf6 6. c3 d5 7. 0-0 Bg4 8. Bc2 Nbd7 9. d4 Be7 10. Qd3 Bh5 11. Nh4 0-0 12. Nf5 Re8 13. Bg5 Bg6 14. Nd2 c6 15. Nf3 Bd6 16. h3 Qc7 17. N3h4 Bf4 18. Bxf4 Qxf4 19. Nxg6 hxg6 20. Ng3 Ne4 21. Nxe4 Qxe4 22. Qxe4 dxe4 23. Rfe1 f5 24. Re2 Nf6 25. Rae1 Rad8 26. f3 exf3 27. Rxe8+ Rxe8 28. Rxe8+ Nxe8 29. gxf3 Kf7 30. Kf2 Nf6 31. Bb3+ Ke7 32. Ke3 g5 33. f4 g4 34. hxg4 Nxg4+ 35. Kf3 Nf6 36. Bd1 Kd6 37. Kg3 c5 38. dxc5+ Kxc5 39. Kh4 Nd5 40. Kg5 b5 41. Be2 g6 42. Bf3 Ne7 43. Kf6 Kd6 44. b3 Kd7 45. c4 bxc4 46. bxc4 a5 47. Bh1 Kd6 48. c5+ Kd7 49. Bg2 a4 50. a3 Ke8 51. c6 Kd8 52. Bf3 Ke8 53. Bd1 Nxc6 54. Bxa4 Kd7 55. Kxg6 Kd6 56. Bxc6 Kxc6 57. Kxf5 Kb5 58. Ke5 Ka4 59. f5 Kxa3 60. f6 Kb4 61. f7 Kc4 62. f8Q Kd3 63. Qf4 Kc3 64. Qd4+ Kc2 65. Qe3 Kb2 66. Qd3 Kc1 67. Kd4 Kb2 68. Qc3+ Kb1 69. Qd2 Ka1 70. Kc3 Kb1 71. Qc2+ Ka1 72. Qc1+ Ka2 73. Qc2+ Ka1 74. Qb2# 1-0

[Event "Wroclaw op"]
[Site "Wroclaw"]
[Date "2020.08.07"]
[Round "8"]
[White "Bojczewski, Mateusz"]
[Black "Peglau, Mirjam"]
[Result "1/2-1/2"]
[WhiteElo "1888"]
[BlackElo "1851"]
[PlyCount "60"]
[EventDate "2020.08.01"]
[EventType "swiss"]
[EventRounds "9"]
[EventCountry "POL"]
[SourceTitle "CBM 197 Extra"]
[Source "ChessBase"]
[SourceDate "2020.09.30"]
[SourceVersion "1"]
[SourceVersionDate "2020.09.30"]
[SourceQuality "1"]

1. e4 c6 2. d4 d5 3. Nc3 dxe4 4. Nxe4 Bf5 5. Ng3 Bg6 6. Nh3 h6 7. Nf4 Bh7 8. Bc4 Nf6 9. 0-0 e6 10. Re1 Be7 11. Bxe6 fxe6 12. Nxe6 Qd7 13. Nxg7+ Kf7 14. Bxh6 Bg6 15. Qd2 Bf8 16. Qg5 Rxh6 17. Qxh6 Bxg7 18. Qf4 Na6 19. Ne4 Bxe4 20. Rxe4 Re8 21. Rae1 Rxe4 22. Rxe4 Qd5 23. Re5 Qxa2 24. g4 Qb1+ 25. Kg2 Qxc2 26. g5 Qg6 27. Kh1 Qb1+ 28. Kg2 Qg6 29. Kh1 Qb1+ 30. Kg2 Qg6 1/2-1/2

[Event "Arber op 8th"]
[Site "Bodenmais"]
[Date "2019.08.03"]
[Round "8"]
[White "Peglau, Mirjam"]
[Black "Medunova, Vera"]
[Result "0-1"]
[WhiteElo "1759"]
[BlackElo "2093"]
[PlyCount "152"]
[EventDate "2019.07.27"]
[EventType "swiss"]
[EventRounds "9"]
[EventCountry "GER"]
[SourceTitle "CBM 191 Extra"]
[Source "ChessBase"]
[SourceDate "2019.09.30"]
[SourceVersion "1"]
[SourceVersionDate "2019.09.30"]
[SourceQuality "1"]

1. e4 c5 2. Nf3 Nc6 3. Nc3 d6 4. Be2 Nf6 5. 0-0 g6 6. d4 cxd4 7. Nxd4 Bg7 8. Be3 0-0 9. Qd2 Bd7 10. f3 a6 11. a4 Rc8 12. Nxc6 Bxc6 13. Nd5 Nd7 14. c4 Nc5 15. Bd1 a5 16. Bd4 Bxd4+ 17. Qxd4 Bxd5 18. exd5 Qb6 19. Ra3 Nxa4 20. Qxb6 Nxb6 21. Rxa5 Nxc4 22. Rb5 Ne3 23. Re1 Nxd1 24. Rxd1 Rc7 25. Rd3 Ra8 26. Kf2 Kf8 27. Rdb3 Ra7 28. R3b4 h5 29. g4 hxg4 30. fxg4 g5 31. Kg3 Ke8 32. h4 gxh4+ 33. Kxh4 e6 34. dxe6 fxe6 35. Kg5 Kf7 36. Kh6 e5 37. g5 Ra1 38. Kh5 Rh1+ 39. Kg4 Kg6 40. Rd5 Rd7 41. Rb6 Rg1+ 42. Kf3 Rf7+ 43. Ke2 Kxg5 44. Rdxd6 Kf4 45. Rb4+ Kf5 46. Rdb6 Rgg7 47. R6b5 Rh7 48. Kd3 Rc7 49. Kd2 Rcg7 50. Kc2 Rd7 51. Kb3 Rhe7 52. Kc3 Kf6 53. Re4 Rd6 54. b3 b6 55. Kc2 Rc7+ 56. Kb2 Re6 57. Rd5 Kf5 58. Rb4 Rc5 59. Rxc5 bxc5 60. Rc4 e4 61. Rxc5+ Kf4 62. Kc2 Rd6 63. Rc8 e3 64. Rf8+ Kg3 65. Rg8+ Kf2 66. Rf8+ Ke1 67. b4 e2 68. b5 Rd5 69. b6 Rc5+ 70. Kd3 Rb5 71. Re8 Rb3+ 72. Kc2 Rxb6 73. Rf8 Rc6+ 74. Kb1 Rc4 75. Rh8 Kd2 76. Rh2 Kd1 0-1

[Event "Arber op 8th"]
[Site "Bodenmais"]
[Date "2019.07.27"]
[Round "1"]
[White "Bensch, Patrick"]
[Black "Peglau, Mirjam"]
[Result "1-0"]
[WhiteElo "2197"]
[BlackElo "1759"]
[PlyCount "121"]
[EventDate "2019.07.27"]
[EventType "swiss"]
[EventRounds "9"]
[EventCountry "GER"]
[SourceTitle "CBM 191 Extra"]
[Source "ChessBase"]
[SourceDate "2019.09.30"]
[SourceVersion "1"]
[SourceVersionDate "2019.09.30"]
[SourceQuality "1"]

1. c4 c5 2. Nf3 Nf6 3. Nc3 d5 4. cxd5 Nxd5 5. e4 Nb4 6. Bc4 Nd3+ 7. Ke2 Nf4+ 8. Kf1 Be6 9. Bxe6 Nxe6 10. d3 Nc6 11. g3 g6 12. h4 Bg7 13. h5 Qd7 14. Kg2 0-0-0 15. Nd5 Ned4 16. h6 Bf6 17. Bf4 Nxf3 18. Qxf3 Bxb2 19. Rab1 Be5 20. Rhc1 Qd6 21. Be3 b6 22. d4 Nxd4 23. Bxd4 Bxd4 24. Qd3 Kb7 25. a4 e6 26. Nxb6 axb6 27. a5 Be5 28. Qf3 Qd4 29. Qxf7+ Rd7 30. Rxb6+ Ka7 31. Qxe6 Rd6 32. Qf7+ Rd7 33. Qe6 Rd6 34. Qf7+ Rd7 35. Qb3 Rd6 36. Rc4 Qd3 37. Qb5 Rxb6 38. Qxb6+ Ka8 39. Qa6+ Kb8 40. Rb4+ cxb4 41. Qxd3 Bc3 42. Qd7 Ka8 43. a6 Rb8 44. Qd5+ Ka7 45. Qb3 Kxa6 46. e5 Bxe5 47. Qe6+ Rb6 48. Qxe5 b3 49. Qb2 Rb4 50. Kf3 Kb5 51. Ke3 Kc4 52. Kd2 Kb5 53. Kc1 Rc4+ 54. Kb1 Kb4 55. Qd2+ Ka3 56. Qa5+ Ra4 57. Qc5+ Rb4 58. Qa7+ Ra4 59. Qxh7 b2 60. Qe7+ Kb3 61. Qe3+ 1-0

[Event "GER-ch U14 Girls"]
[Site "Willingen"]
[Date "2019.06.10"]
[Round "3"]
[White "Peglau, Mirjam"]
[Black "Bashylina, Luisa"]
[Result "0-1"]
[WhiteElo "1746"]
[BlackElo "1812"]
[PlyCount "120"]
[EventDate "2019.06.08"]
[EventType "swiss"]
[EventRounds "9"]
[EventCountry "GER"]
[SourceTitle "CBM 191 Extra"]
[Source "ChessBase"]
[SourceDate "2019.09.30"]
[SourceVersion "1"]
[SourceVersionDate "2019.09.30"]
[SourceQuality "1"]

1. d4 Nf6 2. c4 g6 3. Nc3 Bg7 4. e4 d6 5. f3 0-0 6. Be3 Nc6 7. Bd3 e5 8. d5 Nb4 9. Bb1 Nh5 10. Nge2 f5 11. exf5 gxf5 12. a3 Na6 13. 0-0 b6 14. Bc2 Bd7 15. Qd2 Kh8 16. b4 Rg8 17. Bd3 Qc8 18. Rac1 f4 19. Bf2 Bh3 20. c5 Bxg2 21. Kxg2 Bf6+ 22. Ng3 fxg3 23. hxg3 Nf4+ 24. Kg1 Qh3 25. Be1 Rxg3+ 26. Bxg3 Qxg3+ 27. Kh1 Qh3+ 28. Qh2 Qxh2+ 29. Kxh2 Nxd3 30. Rcd1 Nb2 31. Rb1 Nc4 32. Ne4 Be7 33. cxd6 cxd6 34. Rbc1 Ne3 35. Rf2 Nxd5 36. Rd2 Ne3 37. Nxd6 Rf8 38. Nb5 Bg5 39. Rd7 Ng4+ 40. fxg4 Bxc1 41. Rxa7 Nb8 42. Rb7 Be3 43. Nd6 Nc6 44. Nf7+ Kg8 45. Nd6 Nd4 46. Nc4 Bf4+ 47. Kg2 e4 48. Re7 b5 49. Rxe4 Nc2 50. Re2 Nxb4 51. axb4 bxc4 52. Re4 c3 53. Rc4 Be5 54. b5 Rf4 55. Rc8+ Kf7 56. b6 Rxg4+ 57. Kf3 Rb4 58. Rc5 Ke6 59. Rc6+ Kd5 60. Rh6 c2 0-1

[Event "GER-ch U14 Girls"]
[Site "Willingen"]
[Date "2018.05.25"]
[Round "8"]
[White "Rudolph, Eva"]
[Black "Peglau, Mirjam"]
[Result "1-0"]
[WhiteElo "1771"]
[BlackElo "1844"]
[PlyCount "117"]
[EventDate "2018.05.19"]
[EventType "swiss"]
[EventRounds "9"]
[EventCountry "GER"]
[SourceTitle "CBM 184 Extra"]
[Source "ChessBase"]
[SourceDate "2018.06.28"]
[SourceVersion "1"]
[SourceVersionDate "2018.06.28"]
[SourceQuality "1"]

1. d4 f5 2. Bf4 Nf6 3. e3 g6 4. c3 Bg7 5. Nd2 0-0 6. h4 d6 7. Be2 h6 8. Ngf3 Nbd7 9. Qc2 Nh5 10. Bh2 e5 11. dxe5 Nxe5 12. Nxe5 dxe5 13. 0-0-0 Qxh4 14. Bg3 Qf6 15. Bxh5 gxh5 16. Nc4 f4 17. exf4 exf4 18. Bh4 Qa6 19. b3 Be6 20. Nd2 Rf5 21. Ne4 Raf8 22. Rd2 Ra5 23. Be7 Re8 24. Nf6+ Kf7 25. Nxe8 Kxe8 26. Bh4 Kf7 27. Qe4 Rf5 28. Kb2 Qa5 29. Rc1 Bf8 30. Kb1 Bd6 31. Rd4 Qb6 32. Qc2 Kg7 33. Ka1 Ra5 34. Ra4 Rxa4 35. bxa4 Qc6 36. Re1 Bd7 37. f3 Qxa4 38. Qxa4 Bxa4 39. Be7 Kf7 40. Bxd6 cxd6 41. Re4 Bc6 42. Rxf4+ Kg6 43. Kb2 Kg5 44. Rd4 d5 45. Kc1 a6 46. Kd2 Kf5 47. Ke3 Kg5 48. Rf4 Kg6 49. Kd4 Kg5 50. Rf8 Kg6 51. Ke5 Kg7 52. Rc8 Kg6 53. f4 h4 54. f5+ Kf7 55. Rc7+ Kg8 56. f6 h5 57. f7+ Kg7 58. Ke6 d4 59. Ke7 1-0

[Event "GER-ch U14 Girls"]
[Site "Willingen"]
[Date "2018.05.22"]
[Round "4"]
[White "Bardorz, Jana"]
[Black "Peglau, Mirjam"]
[Result "1-0"]
[WhiteElo "1722"]
[BlackElo "1844"]
[PlyCount "107"]
[EventDate "2018.05.19"]
[EventType "swiss"]
[EventRounds "9"]
[EventCountry "GER"]
[SourceTitle "CBM 184 Extra"]
[Source "ChessBase"]
[SourceDate "2018.06.28"]
[SourceVersion "1"]
[SourceVersionDate "2018.06.28"]
[SourceQuality "1"]

1. e4 c6 2. d4 d5 3. exd5 cxd5 4. c4 Nf6 5. Nc3 Nc6 6. Be3 Be6 7. c5 Bf5 8. Nf3 e6 9. a3 Be7 10. Bd3 Bxd3 11. Qxd3 0-0 12. b4 Qc7 13. 0-0 Rfc8 14. Rfb1 h6 15. Na4 Nd7 16. Rb2 Nd8 17. b5 Qa5 18. Qc2 Nb6 19. Nxb6 axb6 20. Ne5 bxc5 21. dxc5 Qc7 22. Nd3 Bf6 23. Bf4 Qe7 24. Be5 Bxe5 25. Nxe5 Rxc5 26. Qb3 Rac8 27. Qd1 Qg5 28. Nd3 Rc3 29. Rbb1 Qf5 30. Nb4 f6 31. Rc1 Qe5 32. Rxc3 Qxc3 33. h3 Nf7 34. Qe1 d4 35. Rd1 e5 36. Qe4 Qc7 37. Nd5 Qd8 38. b6 Nd6 39. Qg4 Rc6 40. Qe6+ Kh8 41. Rd3 Ne4 42. Qf7 Ng5 43. Qxb7 Qxd5 44. Qa8+ Kh7 45. b7 Qe4 46. b8Q Nxh3+ 47. Rxh3 Rc1+ 48. Kh2 Qf4+ 49. g3 Qxf2+ 50. Qg2 Qe3 51. Qbb7 Re1 52. Qbf3 Qc1 53. Qf5+ Kh8 54. Qa8+ 1-0